1203 1428 1205 1242 1951 1706 1172 1372 1817 1940 1614 1433 1919 1627 1837 1927 1393 1701 1433 1335 1863 1718 1083 1893 1325 1602 1806 1889 1160 1454 1502 1037 1736 1493 1681 1554 1871 1578 1360 1853 1302 1625 1491 1833 1029 1649 1669 1426 1425 1574 1747 1649 1399 1570 1698 1445 1879 1109 1584 1019 1229 1144 1355 1301 1488 1885 1003 1853 1761 1161 1846 1458 1676 1092 1509 1873 1781 1635 1586 1915 1812 1310 1333 1217 1585 1552 1985 1154 1577 1919 1359 1824 1808 1276 1394 1469 1991 1022 1941 BCNSPRNW ULIB Ver.6.0+V

เปลี่ยนเป็นภาษาไทย

Change to English
 แสดงรายละเอียดบรรณานุกรม
  กลับหน้าหลัก

Brief Record : Get Marc (ISO 2709) : E-mail record : QR code < ปิดหน้าต่าง
LEADER : 00000nam 2200000uu 4500
001    13399114190
003     ULIB
008    120228s2554||||th 000 0 tha d
020    ^a9789744017888
060 04 ^aWY156^bอ832ค
100 0  ^aอุบล จ๋วงพานิช
245 10 ^aคู่มือการพยาบาลผู้ป่วยมะเร็งที่ได้รับยาเคมีบำบัด /^cโดยอุบล จ๋วงพานิช
260    ^aขอนแก่น :^bแผนกการพยาบาลบำบัดพิเศษ งานบริการพยาบาล,^c2554
300    ^aก-ฎ, 177 หน้า :^bภาพประกอบ ;^c21 ซม.
650  4 ^aมะเร็ง^xเคมีบำบัด^xการพยาบาล^vคู่มือ
650  4 ^aมะเร็ง^xผู้ป่วย^xการพยาบาล^vคู่มือ
710 2  ^aโรงพยาบาลศรีนครินทร์. ^bงานบริการพยาบาล.
945    ^p190^l0^i18819
945    ^p190^l0^i18820
945    ^p190^l0^i21614
945    ^p190^l0^i21615
945    ^p190^l0^i21616
945    ^p190^l0^i21617
945    ^p190^l0^i21618
945    ^p190^l0^i21726
945    ^p190^l0^i21727
945    ^p190^l0^i21728
945    ^p190^l0^i21729
945    ^p190^l0^i21730
995    ทศพร
999 ^a ใช้งานได้ทุกระบบ
รายการนี้ยังไม่มีแท็ก
คุณยังไม่ได้ล็อกอิน คุณสามารถมีกิจกรรมร่วมกับเว็บไซต์ได้ แต่ต้องล็อกอินก่อน ::
  ล็อกอิน

รายการสื่อสารสนเทศ

ลำดับที่ ประเภท เลขเรียก/บาร์โค้ด สถานที่ สถานะ
1. Book การพยาบาล
Book การพยาบาล
สถานะ=หนังสือเก่า
WY156 อ832ค  
  Barcode: 18819
ห้องสมุดวิทยาเขตนครสวรรค์
►ส่วนจัดเก็บหนังสือเก่า นว.
บนชั้น
  ขอยืม
2. Book การพยาบาล
Book การพยาบาล
สถานะ=หนังสือเก่า
WY156 อ832ค ฉ.10 
  Barcode: 21728
ห้องสมุดวิทยาเขตนครสวรรค์
►ส่วนจัดเก็บหนังสือเก่า นว.
บนชั้น
  ขอยืม
3. Book การพยาบาล
Book การพยาบาล
สถานะ=หนังสือเก่า
WY156 อ832ค ฉ.11 
  Barcode: 21729
ห้องสมุดวิทยาเขตนครสวรรค์
►ส่วนจัดเก็บหนังสือเก่า นว.
บนชั้น
  ขอยืม
4. Book การพยาบาล
Book การพยาบาล
สถานะ=หนังสือเก่า
WY156 อ832ค ฉ.12 
  Barcode: 21730
ห้องสมุดวิทยาเขตนครสวรรค์
►ส่วนจัดเก็บหนังสือเก่า นว.
บนชั้น
  ขอยืม
5. Book การพยาบาล
Book การพยาบาล
สถานะ=หนังสือเก่า
WY156 อ832ค ฉ.2 
  Barcode: 18820
ห้องสมุดวิทยาเขตนครสวรรค์
►ส่วนจัดเก็บหนังสือเก่า นว.
บนชั้น
  ขอยืม
6. Book การพยาบาล
Book การพยาบาล
สถานะ=หนังสือเก่า
WY156 อ832ค ฉ.3 
  Barcode: 21614
ห้องสมุดวิทยาเขตนครสวรรค์
►ส่วนจัดเก็บหนังสือเก่า นว.
บนชั้น
  ขอยืม
7. Book การพยาบาล
Book การพยาบาล
สถานะ=หนังสือเก่า
WY156 อ832ค ฉ.4 
  Barcode: 21615
ห้องสมุดวิทยาเขตนครสวรรค์
►ส่วนจัดเก็บหนังสือเก่า นว.
บนชั้น
  ขอยืม
8. Book การพยาบาล
Book การพยาบาล
สถานะ=หนังสือเก่า
WY156 อ832ค ฉ.5 
  Barcode: 21616
ห้องสมุดวิทยาเขตนครสวรรค์
►ส่วนจัดเก็บหนังสือเก่า นว.
บนชั้น
  ขอยืม
9. Book การพยาบาล
Book การพยาบาล
สถานะ=หนังสือเก่า
WY156 อ832ค ฉ.6 
  Barcode: 21617
ห้องสมุดวิทยาเขตนครสวรรค์
►ส่วนจัดเก็บหนังสือเก่า นว.
บนชั้น
  ขอยืม
10. Book การพยาบาล
Book การพยาบาล
สถานะ=หนังสือเก่า
WY156 อ832ค ฉ.7 
  Barcode: 21618
ห้องสมุดวิทยาเขตนครสวรรค์
►ส่วนจัดเก็บหนังสือเก่า นว.
บนชั้น
  ขอยืม
11. Book การพยาบาล
Book การพยาบาล
สถานะ=หนังสือเก่า
WY156 อ832ค ฉ.8 
  Barcode: 21726
ห้องสมุดวิทยาเขตนครสวรรค์
►ส่วนจัดเก็บหนังสือเก่า นว.
บนชั้น
  ขอยืม
12. Book การพยาบาล
Book การพยาบาล
สถานะ=หนังสือเก่า
WY156 อ832ค ฉ.9 
  Barcode: 21727
ห้องสมุดวิทยาเขตนครสวรรค์
►ส่วนจัดเก็บหนังสือเก่า นว.
บนชั้น
  ขอยืม

รายการใกล้เคียง
    ผู้แต่ง [อุบล จ๋วงพานิช]

BibComment


ยังไม่เคยถูกคอมเมนท์

คอมเมนท์ทรัพยากรรายการนี้
  คอมเมนท์: คู่มือการพยาบาลผ..


 Copyright 2026. Bcnsprnw @Library